| 000 | 00884nam a22002175i 4500 | ||
|---|---|---|---|
| 001 | 158845 | ||
| 003 | ES-MaACL | ||
| 005 | 20250729081835.0 | ||
| 008 | 000809s1885 it |||| | ita d | ||
| 040 |
_aCCPB | B _bspa _cCCPB | B |
||
| 100 | 1 |
_aMarselli, Niccola ( _d1832-1899) _9129544 |
|
| 245 | 1 | 3 |
_aLa scienza della storia / _cdi Niccola Marselli. |
| 250 | _a2. ed. | ||
| 260 |
_aTorino [etc.] : _bErmanno Loescher, _c1885 ( _fStabilimento tipografico Vicenzo Bona) |
||
| 300 |
_av. ; _c20 cm. |
||
| 505 | 8 | _aI. Le easi del pensiero storico (XXIV, 403 p.) -- II. Parte I. Le origini dell´umanità (169 p.) -- II. Parte II. La natura e l´incivilimento (87 p.) -- III. Le grandi razze dell´umanita (297 p.) | |
| 650 | 7 |
_aEvolucionismo _2embne _912629 |
|
| 752 |
_aItalia - _dTurín |
||
| 852 |
_aES-MaACL _jF-7770-7772 _z-- Enc. pasta española |
||
| 999 |
_c158845 _d158845 |
||